Missing Word: Posthumous Novels Quiz Stats

 Plays Quiz Updated Jul 18, 2017

Support Sporcle.
Go Orange.
Score 0/20 Timer 04:00
0 Plays Today
Hint Answer % Correct
The Girl Who ______ with FirePlayed
91.9%
The __________ TalesCanterbury
88.4%
The ______ DaylightsLiving
77.6%
Northanger _____Abbey
73%
You Can't Go ____ AgainHome
71.9%
The Magic of __Oz
68.2%
A Confederacy of ______Dunces
58.7%
The Mystery of _____ DroodEdwin
57.5%
The Ivory _____Tower
54.1%
Gather Yourselves ________Together
53%
Hint Answer % Correct
The Love of the ____ TycoonLast
36.4%
The _____Trial
30.8%
_____-Head MayzieDaisy
21.7%
The Mysterious _______Stranger
20.7%
The _____ of NibbleswickeVicar
19.2%
______ and Alph-ArtTintin
15.1%
Suspense: A Napoleonic _____Novel
11.3%
_______ the ActsBetween
10.9%
Pirate _____Latitudes
9.6%
_____ AwakesTitus
8.1%

Today's Daily Dose

You're not logged in!

Compare scores with friends on all Sporcle quizzes.
OR
Log In
Forgot?

From the Vault

Smaller Than Portugal?

by metakoopa99

It's a small world, and an even smaller Portugal.
Remove Ads.
Support Sporcle.
Get the best of Sporcle when you Go Orange. This ad-free experience offers more features, more stats, and more fun while also helping to support Sporcle. Thank you for becoming a member.

Show Comments

Extras

Top Quizzes Today


Score Distribution

Your Account Isn't Verified!

In order to create a playlist on Sporcle, you need to verify the email address you used during registration. Go to your Sporcle Settings to finish the process.

Report this User

Report this user for behavior that violates our Community Guidelines.

Details: